| 000 | 00752nam a2200277 a 4500 | ||
|---|---|---|---|
| 001 | 000108260 | ||
| 003 | CHAP | ||
| 005 | 20220329144005.0 | ||
| 008 | 140120s2010 flua |r| |||1|||eng|d | ||
| 010 | _a104722 | ||
| 011 | _a105694 | ||
| 020 | _a9781420067040 | ||
| 040 | _cCHAP | ||
| 082 | 0 | 4 |
_a571.95 _bN55 2010 |
| 100 | 1 |
_aNewman, Michael C. _9125191 |
|
| 245 | 1 | 0 |
_aFundamentals of ecotoxicology / _cpor Michael C. Newman. |
| 250 | _a3a ed. | ||
| 260 | 3 |
_aBoca Raton Fl. : _bCRC Press, _c2010. |
|
| 300 |
_axxii, 541 p. : _bil., maps. |
||
| 590 |
_aBATCH-UPD _b05 _c20140120 _lUCH01 _h1451 |
||
| 590 |
_aE792CSJ _b05 _c20140120 _lUCH01 _h1450 |
||
| 650 | 1 | 4 |
_aToxicologĂa ambiental. _9125192 |
| 901 | _aBK | ||
| 942 | _cLIBRO | ||
| 942 | _n0 | ||
| 999 |
_c104722 _d104722 |
||